00648nam a2200205 a 450000100060000000300080000600500170001400800410003103500190007204000310009104100080012208200240013010000510015424500660020525000160027126000630028730000190035050000190036960000540038855550BD-RjUL20211209080300.0161120s1966 enk b 000 0beng u a(BD-RjUL)55673 aMRCdBD-RjULbengcBD-RjUL aeng 223a823.8bFIC 19661 aFielding, Kenneth J.q(Kenneth Joshua),d1924-10aCharles Dickens :b a critical introduction /cK. J. Fielding a2nd enl.ed. aLondon :bLongmans, Green and Co.,c1965 [Impression 1966] a51 p. ;c19 cm aIncludes Index10aDickens, Charles,d1812-1870.xNovelists, English